[Event "Pankrac Cup 2016"]
[Site "Prague CZE"]
[Date "2016.11.01"]
[Round "7.6"]
[White "Dobes, Vojtech"]
[Black "Studnicka, Tomas"]
[Result "1/2-1/2"]
[BlackTitle "IM"]
[WhiteElo "2220"]
[BlackElo "2328"]
[WhiteFideId "333913"]
[BlackFideId "318949"]
[EventDate "2016.09.20"]

1. e4 c5 2. Nf3 Nc6 3. d4 cxd4 4. Nxd4 g6 5. Nc3 Bg7 6. Be3 Nf6 7. Bc4 Qa5 8.
O-O O-O 9. Bb3 d6 10. h3 Bd7 11. Re1 Rfe8 12. Qd3 Rac8 13. Rad1 a6 14. f4 Qc7
15. Nxc6 Bxc6 16. Qc4 e6 17. Qb4 Bf8 18. Qd4 Nd7 19. f5 Nc5 20. fxe6 fxe6 21.
Bf4 Nxb3 22. axb3 Rcd8 23. Bg5 Rd7 24. Rf1 b5 25. b4 a5 26. bxa5 Qxa5 27. b4 Qa7
28. Be3 Qc7 29. Qd3 Rb8 30. Ra1 Qd8 31. Ra6 Bb7 32. Rb6 d5 33. exd5 Bxd5 34.
Rxb8 Qxb8 35. Nxd5 Rxd5 36. Qe4 Qe5 37. Qf3 Qf5 38. Qg3 Qe4 39. Bc5 Bxc5+ 40.
bxc5 Qd4+ 41. Kh1 Qxc5 42. Qb8+ Kg7 43. Qb7+ Kh6 44. Qf7 Rf5 45. Rxf5 exf5 46.
Qd7 Qe5 47. Qd2+ Kh5 48. Qd7 h6 49. Qd3 b4 50. Qd1+ Kh4 51. Qd2 f4 52. Qxb4 Kg3
53. Qb1 Qe2 54. Qg1 Qe4 55. Qf1 f3 56. Qxf3+ Qxf3 57. gxf3 Kxf3 58. Kh2 g5 59.
c4 Ke4 60. Kg3 h5 61. c5 Kd5 62. Kf3 Kxc5 63. Ke4 Kd6 64. Kf5 g4 65. hxg4 h4 66.
Kf4 Ke6 67. g5 1/2-1/2

[Event "Pankrac Cup 2016"]
[Site "Prague CZE"]
[Date "2016.11.01"]
[Round "7.7"]
[White "Postupa, Pavel2"]
[Black "Smutny, Jan"]
[Result "1/2-1/2"]
[WhiteElo "2216"]
[BlackElo "2163"]
[WhiteFideId "326410"]
[BlackFideId "310930"]
[EventDate "2016.09.20"]

1. e4 e5 2. Nf3 Nc6 3. Bb5 a6 4. Ba4 Nf6 5. d3 b5 6. Bb3 Bc5 7. Nc3 d6 8. h3 Be6
9. O-O O-O 10. Re1 Nd4 11. Nxd4 1/2-1/2

[Event "Pankrac Cup 2016"]
[Site "Prague CZE"]
[Date "2016.11.01"]
[Round "7.8"]
[White "Kulhanek, Tomas"]
[Black "Gregor, Jiri"]
[Result "1-0"]
[WhiteTitle "IM"]
[BlackTitle "FM"]
[WhiteElo "2375"]
[BlackElo "2219"]
[WhiteFideId "309656"]
[BlackFideId "304638"]
[EventDate "2016.09.20"]

1. e4 c6 2. Nc3 d5 3. Nf3 Bg4 4. h3 Bxf3 5. Qxf3 e6 6. d3 Nd7 7. Bd2 Bc5 8. Qg3
g6 9. O-O-O a6 10. f4 Qc7 11. Qh4 Qd8 12. Qe1 Qe7 13. g4 O-O-O 14. Bg2 Nb6 15.
Kb1 Nf6 16. g5 Ne8 17. h4 Nc7 18. exd5 cxd5 19. Ne2 Kb8 20. Ba5 Nd7 21. c4 dxc4
22. dxc4 Rhe8 23. Nc3 Bb6 24. Bxb6 Nxb6 25. Qe4 Nca8 26. c5 Nc8 27. a3 Qc7 28.
Rhe1 Ne7 29. Rd6 Nf5 30. Rxa6 Rd4 31. Nb5 Rxe4 32. Rxa8+ Kxa8 33. Nxc7+ Kb8 34.
Bxe4 Kxc7 35. h5 Rd8 36. hxg6 hxg6 37. Kc2 Ng3 38. Kc3 Rh8 39. Kd4 Rh2 40. b4
Rf2 41. Ke5 Ne2 42. Bf3 Ng3 43. Bd1 Kd7 44. Re3 Nf5 45. Rd3+ Ke7 46. Bf3 1-0

[Event "Pankrac Cup 2016"]
[Site "Prague CZE"]
[Date "2016.11.01"]
[Round "7.9"]
[White "Polasek, Jaroslav"]
[Black "Prochazka, Dalibor"]
[Result "1/2-1/2"]
[WhiteTitle "IM"]
[WhiteElo "2320"]
[BlackElo "2148"]
[WhiteFideId "300411"]
[BlackFideId "310352"]
[EventDate "2016.09.20"]

1. e4 Nf6 2. Nc3 e5 3. d4 exd4 4. Qxd4 Nc6 5. Qe3 Bb4 6. a3 Bxc3+ 7. Qxc3 Qe7 8.
f3 d5 9. Bg5 dxe4 10. O-O-O Qe5 11. Qxe5+ Nxe5 12. Bxf6 gxf6 13. fxe4 Rg8 14.
Nf3 Be6 15. h3 Ke7 16. Nxe5 fxe5 17. g4 Rad8 18. Bd3 Rd6 19. Rdg1 c5 20. g5 Rd4
21. h4 a6 22. Re1 b5 23. Bf1 Rgd8 24. Bh3 Bxh3 25. Rxh3 Rd2 26. Rf1 Re2 27. Rhf3
Rdd2 28. Rxf7+ Ke8 29. Rf8+ Ke7 30. R1f7+ Ke6 31. Rf6+ Ke7 1/2-1/2

[Event "Pankrac Cup 2016"]
[Site "Prague CZE"]
[Date "2016.11.01"]
[Round "7.10"]
[White "Smid, Miroslav"]
[Black "Soural, Jan"]
[Result "1/2-1/2"]
[WhiteElo "2214"]
[BlackElo "2180"]
[WhiteFideId "318906"]
[BlackFideId "311928"]
[EventDate "2016.09.20"]

1. c4 Nf6 2. g3 g6 3. Bg2 Bg7 4. Nc3 O-O 5. e4 d6 6. Nge2 c5 7. O-O Nc6 8. d3 a6
9. h3 Rb8 10. f4 Ne8 11. f5 e6 12. g4 b5 13. g5 Be5 14. f6 Nc7 15. Qe1 Nb4 16.
Qd1 Nc6 17. Rb1 Bd7 18. b3 b4 19. Na4 Nd4 20. Nb2 a5 21. Nxd4 Bxd4+ 22. Kh1 a4
23. Qg4 axb3 24. axb3 e5 25. Qh4 Kh8 26. Nd1 Ra8 27. Be3 Ne6 28. Bf3 Ra2 29. Bg4
Qa8 30. Bxd4 cxd4 31. Qe1 Qc8 32. Qh4 1/2-1/2